00617nam a2200205Ia 4500008004000000020001500040041000800055082001600063100001600079245003000095260004000125300001200165650001600177650000800193650001400201690001900215906001100234999001900245952014700264210210b2004 xxu||||| |||| 00| 0 eng d a8173714746 aeng a510.02 JOSJ aJOSHI (K D) aJEE educative mathematics aHyderabadbUniversities Pressc2004 avii,975 amathematics aJEE aeducative aMaths Entrance a063256 c134947d134947 001040708MathematicsaALbALcMathematicsd2021-02-17eKnowledge Worldg425.00l0o510.02 JOSJp063256r2021-02-17 00:00:00w2021-02-17yBK